000 00643nam a2200253 a 4500
001 nice12345678
003 IN_TiNIC
005 20260116011505.0
008 050524s1960 newa grp 000 0 eng
020 _a
_c0
082 0 0 _a253.016
_bMCP
100 _aMc Phail, David
245 _aBasic Bibliography for Ministers
260 _aNew York
_bUnion Theological Seminary
_c1960
300 _a139p
500 _aincludes index and biblioraphy
505 2 _aReference
650 _aBibliography-Christianity
650 _aChurch-Work Bibliography
700 1 _aMc Phail, David
902 _bRHR
942 _cBK
999 _c2000
_d2000